| 000 | 00690cab a2200229 4500 | ||
|---|---|---|---|
| 001 | ABS57248 | ||
| 008 | 090401t1997 xxu||||| |||| 00| 0 eng d | ||
| 035 | _a(Sirsi) u79444 | ||
| 041 | _aeng | ||
| 100 | _aGrigsby, J. | ||
| 245 | _aCDM made easy | ||
| 260 | _c1997 | ||
| 350 | _a0 | ||
| 490 |
_aRIBA Connect _vJuly 1997, 10-13(3) |
||
| 520 | _aExamines the use of software to help with planning supervisor work under the CDM Regulations. Case studies. | ||
| 650 | _aCONSTRUCTION (DESIGN AND MANAGEMENT) REGULATIONS 1994 | ||
| 650 | _aPLANNING SUPERVISORS | ||
| 650 | _aSOFTWARE PACKAGES | ||
| 690 | _aBUILT ENVIRONMENT-BUILDING STANDARDS | ||
| 942 | _n0 | ||
| 948 | _c04/07/1997 | ||
| 999 |
_c49940 _d49940 |
||